Movies Quiz

Random Movies or War Quiz
Score 0/5 Timer 00:45
0 Plays Today
Question Answer Wrong Answers
What was Rey, at the beginning? Scavenger
100%
Engineer
0%
Mechanic
0%
Admiral
0%
Who is the last known surviving Jedi Master? Luke
96.7%
Obi-Wan
0%
Anakin
0%
Yoda
3.3%
What rank was Leia Organa? General
90%
Commander
0%
Admiral
10%
Captain
0%
What does Kylo Ren think will help him find Luke? Map
83.3%
Ship
3.3%
Lightsaber
10%
Book
3.3%
Where did Rey find Luke? Island
83.3%
Ship
0%
Village
0%
Mountain
13.3%
Remove Ads.
Support Sporcle.
Get the best of Sporcle when you Go Orange. This ad-free experience offers more features, more stats, and more fun while also helping to support Sporcle. Thank you for becoming a member.

You're not logged in!

Compare scores with friends on all Sporcle quizzes.
OR
Log In

Sporcle TV

Today on Sporcle TV


Watch our educational content, quiz creation guides, and fun videos on Sporcle TV.

Show Comments

Extras

Top Quizzes Today


Score Distribution

Paid Content

Your Account Isn't Verified!

In order to create a playlist on Sporcle, you need to verify the email address you used during registration. Go to your Sporcle Settings to finish the process.

Report this User

Report this user for behavior that violates our Community Guidelines.

Details: